00393nam a2200121Ia 4500008004100000245013000041260001800171260000900189300000800198500001400206650001300220856003800233170516s9999 xx 000 0 und d aPractical Dynamic Contrast Enhanced MRI in Small Animal Models of Cancer: Data Acquisition, Data Analysis, and Interpretation bPharmaceutics c2012 a4:3 aSeptember xPharmacy uhttp://www.mdpi.com/1999-4923/4/3